000 00730nabaa22001937a 4500
999 _c6143
_d6143
003 OSt
005 20260122233621.0
008 190701b xxu||||| |||| 00| 0 spa d
040 _cPJ
100 _96898
_aUslenghi, Alejandro J.
245 1 3 _aBuena administración y poder de policía federal /
_cAlejandro J. Uslenghi.
300 _ap. 18-20
505 _t¿Te interesa el texto completo? Comunicate al correo: koha@justierradelfuego.gov.ar
650 0 _9211
_aDERECHO ADMINISTRATIVO
650 0 _9902
_aPODER DE POLICIA
650 0 _9289
_aTECNOLOGIA DE LA INFORMACION
773 0 _02842
_93251
_dBuenos Aires : AbeledoPerrot, 2012-
_oDA121
_tDerecho administrativo. Nº 150 noviembre/diciembre 2023
_z18510590
942 _2udc
_cANA